Missing Word: Pirates of the Caribbean Cast Quiz Stats

 Plays Quiz Updated Jul 16, 2017

Support Sporcle.
Go Orange.
Score 0/20 Timer 04:00
0 Plays Today
Hint Answer % Correct
Geoffrey RushFinding
96.8%
Johnny DeppLone
96.5%
Keira KnightleyPride
96%
Johnny DeppScissorhands
93.8%
Naomie HarrisDays
90.6%
Johnny DeppGrape
89.9%
Geoffrey RushLove
89.3%
Keira KnightleyBeckham
88.8%
Geoffrey RushGreen
85.1%
Geoffrey RushSpeech
83.7%
Hint Answer % Correct
Naomie HarrisVice
82.9%
Johnny DeppLoathing
81.7%
Johnny DeppPublic
67.8%
Naomie HarrisMandela
41.4%
Keira KnightleyRyan
41%
Naomie HarrisFirst
27.7%
Keira KnightleyArthur
22.7%
Geoffrey RushSellers
13.3%
Keira KnightleyMethod
10.9%
Naomie HarrisAssassin
7.6%

Today's Daily Dose

You're not logged in!

Compare scores with friends on all Sporcle quizzes.
OR
Log In
Forgot?

From the Vault

Greedy Grammy Winners

by citkeane

Really all these Grammy winners just acquired statues to collect dust.
Remove Ads.
Support Sporcle.
Get the best of Sporcle when you Go Orange. This ad-free experience offers more features, more stats, and more fun while also helping to support Sporcle. Thank you for becoming a member.

Show Comments

Extras

Top Quizzes Today


Score Distribution

Your Account Isn't Verified!

In order to create a playlist on Sporcle, you need to verify the email address you used during registration. Go to your Sporcle Settings to finish the process.

Report this User

Report this user for behavior that violates our Community Guidelines.

Details: